Tolvanera /

Guardado en:
Autor Principal: Forchetti, Laura.
Otros Autores: Lima, Juan, imágenes.
Formato: Libro
Idioma:Spanish
Publicado: Córdoba : Fruto de Dragón, 2022.
Materias:
Etiquetas: Agregar Etiqueta
Sin Etiquetas, Sea el primero en etiquetar este registro!
LEADER 00636nam a22002055a 4500
001 EHU.bham051076
008 221017s2022####ag############000#0#spa#d
005 20221017115024.0
245 0 0 |a Tolvanera /  |c Laura Forchetti ; imágenes de Juan Lima. 
260 |a Córdoba :  |b Fruto de Dragón,  |c 2022. 
300 |a 108 p. 
020 |a 9789874770349 
100 1 |a Forchetti, Laura. 
700 1 |a Lima, Juan, imágenes. 
082 9 8 |a A868.5 F698 
653 |a Cartas 
653 |a Miscelánea argentina-2000- 
653 |a Crónicas de viajes 
653 |a Literatura argentina-2000- 
859 |a AR-BHAM  |b BIB. HUMANIDADES - General  |h A868.5  |i F698  |p 474.22  |t 1